| 000 | 00890nam a22002051i 4500 | ||
|---|---|---|---|
| 001 | 181204 | ||
| 003 | ES-MaACL | ||
| 005 | 20230906221311.0 | ||
| 008 | 121031s1916 sp |||| | spa d | ||
| 100 | 1 |
_aViqueira, J. V. ( _d1886-1924) _9115424 |
|
| 245 | 1 | 3 |
_aUn nuevo factor de la memoria de identificación / _cpor Vicente Viqueira. |
| 260 |
_aMadrid : _bJunta para Ampliación de Estudios e Investigaciones Científicas, _c1916. |
||
| 300 |
_aP. [75]-96 ; _c23 cm. |
||
| 490 | 1 |
_aAnales de la Junta para Ampliación de Estudios e Investigaciones Científicas ; _vt. 16, memoria 3 |
|
| 650 | 0 | 4 |
_aMemoria. _914989 |
| 710 | 2 |
_aJunta para la Ampliación de Estudios e Investigaciones Científicas. _95413 |
|
| 830 | 0 |
_aAnales de la Junta para Ampliación de Estudios e Investigaciones Científicas ; _vt. 16, memoria 3 _9186710 |
|
| 852 |
_aES-MaACL _jB-13172(3) |
||
| 999 |
_c181204 _d181204 |
||